000 00639nam a2200181 i 4500
001 85710
003 ES-MaACL
005 20230906175305.0
007 t|
008 041130s1963 sp ||||1| spa d
100 0 _aJuan
_bXIII
_cPapa, Santo.
_967136
245 1 3 _aLa Encíclica social del Papa Juan XXIII, Mater et Magistra /
_ccon introducción y comentario histórico doctrinal por Eberhard Welty ; traducción española por Alejandro Ros.
260 _aBarcelona :
_bHerder,
_c1963.
300 _a183 p. ;
_c18 cm.
700 1 _aWelty, Eberhard.
_9116470
700 1 _aRos, Alejandro.
_999564
852 _aES-MaACL
_jC-25523
_bR.52246
999 _c85710
_d85710